Vector analysis with applications (Record no. 7970)

000 -LEADER
fixed length control field 00491nam a22001937a 4500
001 - CONTROL NUMBER
control field 7970
003 - CONTROL NUMBER IDENTIFIER
control field BD-DhUET
008 - FIXED-LENGTH DATA ELEMENTS--GENERAL INFORMATION
fixed length control field 141221b xxu||||| |||| 00| 0 eng d
040 ## - CATALOGING SOURCE
Transcribing agency 0
Modifying agency BD-DhUET
082 ## - DEWEY DECIMAL CLASSIFICATION NUMBER
Classification number 516.83
Item number ALI/1977
100 ## - MAIN ENTRY--PERSONAL NAME
Personal name Ali Ashraf
245 ## - TITLE STATEMENT
Title Vector analysis with applications
Statement of responsibility, etc. by Ali Ashraf
250 ## - EDITION STATEMENT
Edition statement 1st ed.
260 ## - PUBLICATION, DISTRIBUTION, ETC. (IMPRINT)
Place of publication, distribution, etc. Dhaka
Name of publisher, distributor, etc. Hafiz book centre
Date of publication, distribution, etc. 1977
300 ## - PHYSICAL DESCRIPTION
Extent 340[2]p.
Other physical details ill.
650 #0 - SUBJECT ADDED ENTRY--TOPICAL TERM
Topical term or geographic name as entry element Vector analysis
700 ## - ADDED ENTRY--PERSONAL NAME
Personal name Abdul Khaleq Hazra, Md.
942 ## - ADDED ENTRY ELEMENTS (KOHA)
Koha item type General Book
Holdings
Date acquired Copy number Piece designation (barcode) Not for loan Source of classification or shelving scheme Sublocation or collection (holding branch) Koha out on loan Koha normalized classification for sorting Price effective from Koha date last seen Damaged status Koha full call number Location (home branch) Koha date last borrowed Koha item type Withdrawn status Shelving location Koha issues (times borrowed) Lost status
2014-12-21148782  Central Library, BUET 516_830000000000000_ALI_19772014-12-212025-11-09 516.83/ALI/1977Central Library, BUET2023-09-26General Book Circulation section13 
2015-03-31248785  Central Library, BUET2024-02-18516_830000000000000_ALI_19772015-03-312024-02-04 516.83/ALI/1977Central Library, BUET2024-02-04General Book Circulation section9 
2015-06-07356215  Central Library, BUET 516_830000000000000_ALI_19772015-06-072015-06-07 516.83/ALI/1977Central Library, BUET General Book Reading section  
2015-06-07456213  Central Library, BUET 516_830000000000000_ALI_19772015-06-072015-06-07 516.83/ALI/1977Central Library, BUET General Book Reading section  
2015-06-07556216  Central Library, BUET 516_830000000000000_ALI_19772015-06-072015-06-07 516.83/ALI/1977Central Library, BUET General Book Reading section  
2015-06-07656218  Central Library, BUET 516_830000000000000_ALI_19772015-06-072015-06-07 516.83/ALI/1977Central Library, BUET General Book Reading section  
2015-07-12756212  Central Library, BUET 516_830000000000000_ALI_19772015-07-122025-11-09 516.83/ALI/1977Central Library, BUET2024-10-23General Book Circulation section1